[Event "Berlin Werner Ott op"]
[Site "Berlin"]
[Date "2014.07.08"]
[Round "4"]
[White "Baumert, Christian"]
[Black "Muse, Drazen"]
[Result "0-1"]
[WhiteElo "2137"]
[BlackElo "2407"]
[PlyCount "80"]
[EventDate "2014.07.05"]
[EventType "swiss"]
[EventRounds "9"]
[EventCountry "GER"]
[SourceTitle "CBM 161 Extra"]
[Source "ChessBase"]
[SourceDate "2014.08.29"]
[SourceVersion "1"]
[SourceVersionDate "2014.08.29"]
[SourceQuality "1"]

1. d4 Nf6 2. Nc3 c5 3. d5 e5 4. e4 d6 5. Be2 Be7 6. Nf3 0-0 7. Nd2 Nbd7 8. a4 Ne8 9. Nc4 Bg5 10. Ne3 g6 11. g3 f5 12. h4 Bxe3 13. Bxe3 f4 14. Bd2 f3 15. Bd3 Ndf6 16. Bg5 Bg4 17. Qd2 Qa5 18. b3 h5 19. Nd1 Qc7 20. Ne3 Rf7 21. Nc4 b6 22. Ne3 Bd7 23. Nd1 Qc8 24. c4 Rb8 25. Nc3 a6 26. Qc2 Bh3 27. Bf1 Bg2 28. Rg1 Bxf1 29. Rxf1 Ng4 30. Qd3 Nc7 31. Bd2 Qe8 32. Nd1 Qd7 33. Bg5 Ne8 34. Ne3 Nxe3 35. Qxe3 b5 36. axb5 axb5 37. Qc3 Qg4 38. Qc2 bxc4 39. bxc4 Rfb7 40. 0-0-0 Rb1+ 0-1

[Event "Berlin Lichtenberger op 11th"]
[Site "Berlin"]
[Date "2012.08.26"]
[Round "9"]
[White "Noetzel, Felix"]
[Black "Baumert, Christian"]
[Result "1-0"]
[WhiteElo "2107"]
[BlackElo "2158"]
[PlyCount "121"]
[EventDate "2012.08.18"]
[EventType "swiss"]
[EventRounds "9"]
[EventCountry "GER"]
[SourceTitle "CBM 150 Extra"]
[Source "ChessBase"]
[SourceDate "2012.10.19"]
[SourceVersion "1"]
[SourceVersionDate "2012.10.19"]
[SourceQuality "1"]

1. e4 c6 2. d4 d5 3. Nc3 dxe4 4. f3 e5 5. dxe5 Qxd1+ 6. Nxd1 exf3 7. Nxf3 Bc5 8. Be3 Bb6 9. Bc4 Ne7 10. Ng5 0-0 11. 0-0 Nd5 12. Bxb6 axb6 13. Bxd5 cxd5 14. Nc3 h6 15. Nf3 Be6 16. a3 Nc6 17. Nb5 Bg4 18. Rae1 Ra5 19. Nfd4 Bd7 20. Rf4 Re8 21. Nd6 Rxe5 22. Rxe5 Nxe5 23. Nxb7 Ra4 24. Ne2 Rxf4 25. Nxf4 d4 26. Nd6 Ba4 27. b3 d3 28. Nxd3 Nxd3 29. cxd3 Bxb3 30. Kf2 Be6 31. Ke3 Kf8 32. Kd4 Ke7 33. Nc4 b5 34. Nd2 Kd6 35. Ne4+ Kc6 36. Ke5 Bb3 37. g3 Bc2 38. Kd4 f5 39. Nc5 g5 40. Ne6 Kd6 41. Ng7 f4 42. gxf4 gxf4 43. Nf5+ Ke6 44. Nxh6 Kf6 45. Ke4 Kg5 46. Nf7+ Kg4 47. Ne5+ Kh3 48. Kxf4 Kxh2 49. d4 Bb3 50. Ke4 Bc2+ 51. Kd5 Kg3 52. Kc5 Kf4 53. Kxb5 Ke4 54. Kc5 Bb3 55. Nc4 Kf5 56. Nb6 Ke6 57. Kc6 Ke7 58. Kc7 Ke6 59. d5+ Bxd5 60. Nxd5 Kxd5 61. Kb6 1-0

[Event "Berlin Lichtenberger op 11th"]
[Site "Berlin"]
[Date "2012.08.18"]
[Round "1"]
[White "Laurin, Dirk"]
[Black "Baumert, Christian"]
[Result "1/2-1/2"]
[WhiteElo "1665"]
[BlackElo "2158"]
[PlyCount "75"]
[EventDate "2012.08.18"]
[EventType "swiss"]
[EventRounds "9"]
[EventCountry "GER"]
[SourceTitle "CBM 150 Extra"]
[Source "ChessBase"]
[SourceDate "2012.10.19"]
[SourceVersion "1"]
[SourceVersionDate "2012.10.19"]
[SourceQuality "1"]

1. e4 c6 2. Nf3 d5 3. exd5 cxd5 4. d4 Nf6 5. Be2 g6 6. Be3 Bg7 7. Nc3 0-0 8. h3 Nc6 9. Qd2 a6 10. g4 b5 11. Ne5 Bb7 12. Nxc6 Bxc6 13. f3 b4 14. Nd1 a5 15. Nf2 Qb6 16. Nd3 Nd7 17. c3 Rfb8 18. Kf2 Qb7 19. h4 e5 20. dxe5 Nxe5 21. Nxe5 Bxe5 22. Bd4 Re8 23. h5 Bxd4+ 24. cxd4 Bb5 25. Bxb5 Qxb5 26. hxg6 fxg6 27. Rae1 Ra7 28. Qg5 Rxe1 29. Rxe1 Qd7 30. Re5 Rc7 31. Rxd5 Rc2+ 32. Kg3 Qc7+ 33. f4 Rxb2 34. Rd8+ Kf7 35. Qd5+ Ke7 36. Qg5+ Kf7 37. Qd5+ Ke7 38. Qg5+ 1/2-1/2

[Event "Guernsey op 35th"]
[Site "Guernsey"]
[Date "2009.10.19"]
[Round "2"]
[White "Baumert, Christian"]
[Black "Gravett, Alan David"]
[Result "1-0"]
[WhiteElo "2142"]
[BlackElo "1909"]
[PlyCount "43"]
[EventDate "2009.10.18"]
[EventType "swiss"]
[EventRounds "7"]
[EventCountry "GCI"]
[SourceTitle "EXT 2010"]
[Source "ChessBase"]
[SourceDate "2010.11.25"]
[SourceVersion "1"]
[SourceVersionDate "2010.11.25"]
[SourceQuality "1"]

1. d4 Nf6 2. c4 d6 3. Nc3 e5 4. dxe5 dxe5 5. Qxd8+ Kxd8 6. Nf3 Nbd7 7. e3 h6 8. Be2 c6 9. 0-0 Bb4 10. Bd2 a5 11. a3 Bd6 12. Rfd1 Nc5 13. Be1 Kc7 14. b4 axb4 15. axb4 Rxa1 16. Rxa1 Ncd7 17. c5 Be7 18. Na4 e4 19. Nd2 Ne5 20. Nb6 Be6 21. f3 Nd3 22. Bg3+ 1-0

[Event "Berlin op 08"]
[Site "Berlin"]
[Date "2002.08.20"]
[Round "4"]
[White "Postler, Reinhard"]
[Black "Baumert, Christian"]
[Result "1-0"]
[WhiteElo "2235"]
[BlackElo "2060"]
[PlyCount "101"]
[EventDate "2002.08.17"]
[EventType "swiss"]
[EventRounds "9"]
[EventCountry "GER"]
[SourceTitle "EXT 2007"]
[Source "ChessBase"]
[SourceDate "2006.11.23"]
[SourceVersion "1"]
[SourceVersionDate "2006.11.23"]
[SourceQuality "1"]

1. e4 c6 2. d4 d5 3. Nc3 dxe4 4. Nxe4 Nd7 5. Bc4 Ngf6 6. Nxf6+ Nxf6 7. Nf3 e6 8. 0-0 Be7 9. Qe2 0-0 10. c3 c5 11. dxc5 Bxc5 12. Bg5 Be7 13. Rad1 Qc7 14. Ne5 Nd5 15. Bxe7 Nxe7 16. Rd2 Nc6 17. Nxc6 Qxc6 18. Rfd1 b6 19. Bb5 Qc5 20. Rd6 Bb7 21. Rd7 Rab8 22. R1d4 Qg5 23. f4 Qf6 24. Bd3 h6 25. Qe5 Qxe5 26. fxe5 a5 27. Re7 Bc6 28. Rd6 Rfd8 29. Rc7 Be8 30. Kf2 Kf8 31. Rd4 Rdc8 32. Rdc4 Rxc7 33. Rxc7 g5 34. c4 Kg7 35. Ke3 Ba4 36. b3 Be8 37. Be4 b5 38. c5 b4 39. c6 Kf8 40. Rb7 Rc8 41. Rb6 f5 42. exf6 Kf7 43. Kd4 Kxf6 44. Kc5 Ke5 45. Bd3 h5 46. Ba6 Rd8 47. Bc4 Rc8 48. Ra6 h4 49. Bb5 Rd8 50. Rxa5 Rd5+ 51. Kxb4 1-0

[Event "Berlin op 08"]
[Site "Berlin"]
[Date "2002.08.19"]
[Round "3"]
[White "Baumert, Christian"]
[Black "Nogly, Christoph"]
[Result "1-0"]
[WhiteElo "2060"]
[BlackElo "2241"]
[PlyCount "79"]
[EventDate "2002.08.17"]
[EventType "swiss"]
[EventRounds "9"]
[EventCountry "GER"]
[SourceTitle "EXT 2007"]
[Source "ChessBase"]
[SourceDate "2006.11.23"]
[SourceVersion "1"]
[SourceVersionDate "2006.11.23"]
[SourceQuality "1"]

1. e4 e6 2. d4 d5 3. Nc3 Nf6 4. e5 Nfd7 5. Nce2 c5 6. c3 cxd4 7. cxd4 f6 8. f4 fxe5 9. fxe5 Bb4+ 10. Kf2 0-0+ 11. Nf3 Nc6 12. h4 Ndxe5 13. dxe5 Nxe5 14. Nf4 Bc5+ 15. Ke1 Ng4 16. Qb3 Nf2 17. Nd3 Nxh1 18. Nxc5 Ng3 19. Bg5 Qd6 20. Nd3 Nxf1 21. Kxf1 e5 22. Re1 h6 23. Bd2 Rxf3+ 24. gxf3 Bh3+ 25. Kg1 Re8 26. Kh2 Bf5 27. Nf4 Rd8 28. Bb4 Qf6 29. Ng2 e4 30. fxe4 Qe5+ 31. Qg3 Qxg3+ 32. Kxg3 Bxe4 33. Re2 b6 34. Nf4 a5 35. Bc3 Rf8 36. Rf2 Rd8 37. Ne6 Rd7 38. Nd4 Kh7 39. Ne6 a4 40. Nf8+ 1-0

[Event "Berlin op 08"]
[Site "Berlin"]
[Date "2002.08.18"]
[Round "2"]
[White "Quast, Michael"]
[Black "Baumert, Christian"]
[Result "0-1"]
[WhiteElo "1721"]
[BlackElo "2060"]
[PlyCount "118"]
[EventDate "2002.08.17"]
[EventType "swiss"]
[EventRounds "9"]
[EventCountry "GER"]
[SourceTitle "EXT 2007"]
[Source "ChessBase"]
[SourceDate "2006.11.23"]
[SourceVersion "1"]
[SourceVersionDate "2006.11.23"]
[SourceQuality "1"]

1. Nf3 Nf6 2. b4 e6 3. a3 a5 4. b5 c5 5. c4 b6 6. Bb2 Bb7 7. e3 Be7 8. Be2 0-0 9. Nc3 Ne4 10. Nxe4 Bxe4 11. d3 Bg6 12. Ne5 Bf6 13. Bf3 Ra7 14. Nxg6 Bxb2 15. Nxf8 Bxa1 16. Qxa1 Qxf8 17. g4 d6 18. Be4 Nd7 19. f4 g6 20. g5 Qg7 21. Qxg7+ Kxg7 22. h4 Nf8 23. h5 Rd7 24. Bc6 Rd8 25. Bf3 d5 26. h6+ Kg8 27. Ke2 dxc4 28. dxc4 f6 29. Bc6 Kf7 30. Rd1 Rxd1 31. Kxd1 e5 32. Ke2 exf4 33. exf4 fxg5 34. fxg5 Ke6 35. Be4 Ke5 36. Ke3 Ne6 37. Bxg6 Nxg5 38. Bc2 Nf7 39. Bxh7 Nxh6 40. a4 Ng4+ 41. Kd3 Kf4 42. Bg8 Ne5+ 43. Kc3 Ke3 44. Be6 Nf3 45. Bf5 Nd4 46. Bg6 Ne2+ 47. Kc2 Kd4 48. Bf7 Nc3 49. Kb3 Ne4 50. Bg8 Nd2+ 51. Kc2 Nxc4 52. Kb3 Ne3 53. Bh7 c4+ 54. Kb2 c3+ 55. Kb3 c2 56. Kb2 Kc4 57. Kc1 Kb4 58. Bg8 Kxa4 59. Bc4 Nxc4 0-1

[Event "Berlin-ch"]
[Site "Berlin"]
[Date "2001.04.17"]
[Round "5"]
[White "Baumert, Christian"]
[Black "Albrecht, Rainer"]
[Result "0-1"]
[WhiteElo "2176"]
[BlackElo "2224"]
[PlyCount "56"]
[EventDate "2001.04.??"]
[EventType "swiss"]
[EventRounds "9"]
[EventCountry "GER"]
[SourceTitle "EXT 2002"]
[Source "ChessBase"]
[SourceDate "2001.11.25"]
[SourceVersion "1"]
[SourceVersionDate "2001.11.25"]
[SourceQuality "1"]

1. e4 e6 2. d4 d5 3. Nc3 Bb4 4. exd5 exd5 5. Bd3 Nc6 6. a3 Bxc3+ 7. bxc3 Nf6 8. Ne2 0-0 9. 0-0 Na5 10. Ng3 Bg4 11. f3 Bd7 12. Re1 Nc4 13. Bg5 h6 14. Bf4 Nb2 15. Qd2 Nxd3 16. cxd3 Nh7 17. Ne2 Re8 18. Kh1 a5 19. g4 Ra6 20. Ng3 Rxe1+ 21. Rxe1 Re6 22. Re5 Rxe5 23. dxe5 Qe7 24. Nh5 Qxa3 25. g5 hxg5 26. Bxg5 Bh3 27. Qc1 Qa2 28. Bd2 Ng5 0-1

[Event "Berlin-ch"]
[Site "Berlin"]
[Date "2001.04.14"]
[Round "2"]
[White "Schilow, Wladimir"]
[Black "Baumert, Christian"]
[Result "1-0"]
[WhiteElo "2361"]
[BlackElo "2176"]
[PlyCount "83"]
[EventDate "2001.04.??"]
[EventType "swiss"]
[EventRounds "9"]
[EventCountry "GER"]
[SourceTitle "EXT 2002"]
[Source "ChessBase"]
[SourceDate "2001.11.25"]
[SourceVersion "1"]
[SourceVersionDate "2001.11.25"]
[SourceQuality "1"]

1. e4 c6 2. d4 d5 3. Nd2 dxe4 4. Nxe4 Nd7 5. Nf3 Ngf6 6. Ng3 e6 7. Bd3 c5 8. 0-0 cxd4 9. Nxd4 Bc5 10. c3 0-0 11. Bc2 Qc7 12. Qd3 Ne5 13. Qe2 Ng6 14. Bg5 Nd5 15. Rad1 Be7 16. Bxe7 Qxe7 17. Nf3 Nf6 18. h4 Rd8 19. h5 Nf8 20. h6 g6 21. Qe5 Rxd1 22. Rxd1 Ne8 23. Qd4 Bd7 24. Ne5 Bc6 25. Be4 Bxe4 26. Nxe4 f6 27. Ng4 e5 28. Qc4+ Kh8 29. Ne3 Ne6 30. Nd5 Qf7 31. Ne3 Qe7 32. Qb5 Rd8 33. Rxd8 Nxd8 34. Nd5 Qe6 35. Ndxf6 Nxf6 36. Nxf6 Nf7 37. Ng4 Qe7 38. Qd5 Qf8 39. Qxb7 Nxh6 40. Nxh6 Qxh6 41. Qb8+ Qf8 42. Qxf8# 1-0

[Event "Berlin tt 0001"]
[Site "Berlin"]
[Date "2000.12.17"]
[Round "4.8"]
[White "Baumert, Christian"]
[Black "Gahntz, Bernd Peter"]
[Result "0-1"]
[WhiteElo "2048"]
[BlackElo "2117"]
[PlyCount "78"]
[EventDate "2000.10.22"]
[EventType "team"]
[EventRounds "11"]
[EventCountry "GER"]
[SourceTitle "EXT 2007"]
[Source "ChessBase"]
[SourceDate "2006.11.23"]
[SourceVersion "1"]
[SourceVersionDate "2006.11.23"]
[SourceQuality "1"]

1. e4 c5 2. b4 cxb4 3. Bb2 d5 4. exd5 Qxd5 5. c4 Qf5 6. Nf3 Nf6 7. Be2 Nc6 8. 0-0 e6 9. d4 Be7 10. Bd3 Qh5 11. Nbd2 0-0 12. Re1 Rd8 13. Nf1 Kf8 14. Qe2 Qa5 15. Rad1 Bd7 16. Bb1 Be8 17. Ne3 Rac8 18. g4 h6 19. Kh1 Rd7 20. d5 Nd8 21. g5 hxg5 22. Nxg5 Rd6 23. Nf5 Ba4 24. Rd4 Rxd5 25. cxd5 Nxd5 26. Qh5 Ke8 27. Nxg7+ Kd7 28. Nxf7 Bc6 29. Ne5+ Kc7 30. Nxc6 bxc6 31. Nxe6+ Kb8 32. Qe5+ Kb7 33. Nxd8+ Bxd8 34. Qg7+ Bc7 35. Rde4 Nc3 36. Re7 Nxb1 37. Rxb1 Qd5+ 38. Qg2 Qxa2 39. Qe4 Rg8 0-1

[Event "Berliner Sommer 15th"]
[Site "Berlin"]
[Date "1997.??.??"]
[Round "5"]
[White "Baumert, Christian"]
[Black "Wempe, Juergen"]
[Result "1-0"]
[WhiteElo "2040"]
[BlackElo "2210"]
[PlyCount "79"]
[EventDate "1997.08.??"]
[EventType "swiss"]
[EventRounds "9"]
[EventCountry "GER"]
[SourceTitle "CBM 059 Extra"]
[Source "ChessBase"]
[SourceDate "1997.09.26"]
[SourceVersion "1"]
[SourceVersionDate "1997.09.26"]
[SourceQuality "1"]

1. e4 c5 2. Nf3 Nf6 3. e5 Nd5 4. g3 Nc6 5. Bg2 Qc7 6. 0-0 e6 7. Re1 Nde7 8. c3 Ng6 9. d4 cxd4 10. cxd4 Be7 11. Nc3 a6 12. h4 Bb4 13. Re2 Bxc3 14. bxc3 Na5 15. a4 Rb8 16. h5 Ne7 17. Ba3 Nc4 18. Bxe7 Kxe7 19. h6 gxh6 20. Qc1 d5 21. Qxh6 Qd8 22. Qf6+ Kd7 23. Qxf7+ Qe7 24. Qxe7+ Kxe7 25. Nh2 Bd7 26. Ng4 Be8 27. Nf6 Bg6 28. f4 Rhc8 29. g4 Bd3 30. Ree1 Na5 31. Re3 Nb3 32. Rd1 Bc2 33. Rf1 b5 34. axb5 axb5 35. f5 exf5 36. Nxd5+ Kf8 37. Nb4 Nd2 38. Rf2 Nc4 39. Rh3 Kg7 40. Nxc2 1-0